|
|
|
|
| LEADER |
01473nam a22003971a 4500 |
| 001 |
EBC548071 |
| 003 |
MiAaPQ |
| 005 |
20200520144314.0 |
| 006 |
m o d | |
| 007 |
cr cn||||||||| |
| 008 |
100112s2010 mnua sb 001 0 eng d |
| 020 |
|
|
|z 9780816665273
|
| 020 |
|
|
|z 0816665273
|
| 020 |
|
|
|z 9780816665280
|
| 020 |
|
|
|z 0816665281
|
| 035 |
|
|
|a (MiAaPQ)EBC548071
|
| 035 |
|
|
|a (Au-PeEL)EBL548071
|
| 035 |
|
|
|a (CaPaEBR)ebr10399437
|
| 035 |
|
|
|a (CaONFJC)MIL523158
|
| 035 |
|
|
|a (OCoLC)646066584
|
| 040 |
|
|
|a MiAaPQ
|c MiAaPQ
|d MiAaPQ
|
| 050 |
|
4 |
|a HD6305.F55
|b R63 2010
|
| 082 |
0 |
4 |
|a 331.62599
|2 22
|
| 100 |
1 |
|
|a Rodriguez, Robyn Magalit.
|
| 245 |
1 |
0 |
|a Migrants for export
|h [electronic resource] :
|b how the Philippine state brokers labor to the world /
|c Robyn Magalit Rodriguez.
|
| 260 |
|
|
|a Minneapolis, Minn. :
|b University of Minnesota Press,
|c 2010.
|
| 300 |
|
|
|a xxviii, 194 p. :
|b ill.
|
| 504 |
|
|
|a Includes bibliographical references and index.
|
| 533 |
|
|
|a Electronic reproduction. Ann Arbor, MI : ProQuest, 2015. Available via World Wide Web. Access may be limited to ProQuest affiliated libraries.
|
| 650 |
|
0 |
|a Foreign workers, Philippine.
|
| 650 |
|
0 |
|a Migrant labor.
|
| 650 |
|
0 |
|a Manpower policy
|z Philippines.
|
| 651 |
|
0 |
|a Philippines
|x Emigration and immigration.
|
| 655 |
|
4 |
|a Electronic books.
|
| 710 |
2 |
|
|a ProQuest (Firm)
|
| 856 |
4 |
0 |
|u https://ebookcentral.proquest.com/lib/matrademy/detail.action?docID=548071
|z Click to View
|